000 nam a22 7a 4500
999 _c10085
_d10085
008 180212b ||||| |||| 00| 0 eng d
100 _aDatta,S.
_92339
245 _aSocial Life of Animals
260 _aNew Delhi
_bNBT
_c2002